| Tag |
First Indicator |
Second Indicator |
Subfields |
| LEADER |
00000cam a22000001a 4500 |
| 001 |
in00003300539 |
| 006 |
m d f |
| 007 |
cr bn mmmapmmp |
| 008 |
101203s2005 dcu o f000 0 eng d |
| 005 |
20260430175001.8 |
| 035 |
|
|
|a cis2007849314
|
| 040 |
|
|
|a ProQuest
|c ProQuest
|d UtOrBLW
|
| 043 |
|
|
|a n-us---
|
| 099 |
|
|
|a CRS-2005-FDT-0564
|
| 110 |
2 |
|
|a Library of Congress.
|b Congressional Research Service.
|
| 245 |
1 |
0 |
|a Nuclear Arms Control :
|b The U.S.-Russian Agenda.
|
| 264 |
|
1 |
|a [Place of publication not identified] :
|b [publisher not identified],
|c 2005.
|
| 300 |
|
|
|a 1 online resource.
|
| 336 |
|
|
|a text
|b txt
|2 rdacontent
|
| 337 |
|
|
|a computer
|b c
|2 rdamedia
|
| 338 |
|
|
|a online resource
|b cr
|2 rdacarrier
|
| 500 |
|
|
|a Record is based on bibliographic data in ProQuest U.S. Congressional Research Digital Collection (last viewed Dec. 2010). Reuse except for individual research requires license from ProQuest, LLC.
|
| 500 |
|
|
|a CRS Report.
|
| 520 |
|
|
|a Discusses the provisions of and ratification and implementation issues relating to the first Strategic Arms Reduction Treaty (START I), including compliance issues, provisions and ratification of START II, proposed provisions of START III and alternative proposals, and provisions of the Anti-Ballistic Missile (ABM) Treaty, ABM Treaty demarcation and succession agreements, and the ABM Treaty and national missile defenses.
|
| 500 |
|
|
|a Electronic resource.
|
| 650 |
|
0 |
|a Arms control.
|
| 650 |
|
0 |
|a Missile attack warning systems.
|
| 651 |
|
0 |
|a Russia.
|
| 655 |
|
7 |
|a Electronic books.
|2 local
|
| 710 |
2 |
|
|a ProQuest (Firm)
|
| 776 |
0 |
8 |
|i Microfiche version:
|a Library of Congress. Congressional Research Service.
|t Nuclear Arms Control
|
| 830 |
|
0 |
|a U.S. Congressional Research.
|
| 856 |
4 |
0 |
|u http://proxy.library.tamu.edu/login?url=https://congressional.proquest.com/congcomp/getdoc?CRDC-ID=CRS-2005-FDT-0564
|z Connect to the full text of this electronic book
|t 0
|
| 999 |
|
|
|a MARS
|
| 999 |
f |
f |
|s 7cd47f60-e8ae-310d-a49e-b31e4c6697cc
|i 6368fa23-6852-3216-91d0-bf454dfbaf31
|t 0
|
| 952 |
f |
f |
|a Texas A&M University
|b College Station
|c Electronic Resources
|s www_evans
|d Available Online
|t 0
|e CRS-2005-FDT-0564
|h Other scheme
|
| 998 |
f |
f |
|a CRS-2005-FDT-0564
|t 0
|l Available Online
|